|
|
|
|
| LEADER |
01171nam a2200301 a 4500 |
| 001 |
16797462 |
| 008 |
120315s2009 nyua 001 0 eng d |
| 010 |
|
|
|a 2011288358
|
| 020 |
|
|
|a 9781430219743 (pbk.)
|
| 020 |
|
|
|a 1430219742 (pbk.)
|
| 020 |
|
|
|a 9781430219750 (ebk.)
|
| 040 |
|
|
|a BTCTA
|c BTCTA
|d YDXCP
|d CDX
|d BWX
|d SXP
|d VGM
|d DLC
|d BD-DhAAL
|
| 082 |
0 |
4 |
|a 005.2762
|2 22
|
| 100 |
1 |
|
|a Coggeshall, John,
|d 1981-
|
| 245 |
1 |
0 |
|a Zend Enterprise PHP patterns /
|c John Coggeshall with Morgan Tocker.
|
| 260 |
|
|
|a New York :
|b Apress,
|c c2009.
|
| 300 |
|
|
|a xxii, 257 p. :
|b ill. ;
|c 24 cm.
|
| 490 |
1 |
|
|a Expert's voice in PHP
|
| 500 |
|
|
|a Subtitle on cover: Performance, architecture, and analysis of PHP applications.
|
| 500 |
|
|
|a Includes index.
|
| 541 |
1 |
|
|e 00024608
|
| 650 |
|
0 |
|a PHP (Computer program language)
|
| 650 |
|
0 |
|a Application software
|x Development.
|
| 700 |
1 |
|
|a Tocker, Morgan.
|
| 830 |
|
0 |
|a Expert's voice in PHP.
|
| 852 |
1 |
|
|a Ayesha Abed Library
|j General shelf
|
| 999 |
|
|
|c 11966
|d 11966
|
| 952 |
|
|
|0 0
|1 0
|4 0
|6 005_276200000000000_COG
|7 0
|9 19678
|a BRACUL
|b BRACUL
|c GEN
|d 2012-03-14
|e Trim Education
|g 2950.00
|l 0
|o 005.2762 COG
|p 3010024608
|r 2012-03-15
|t 1
|w 2012-03-15
|y BK
|